№ 6; Оптический журнал

Bibliografiske detaljer
Parent link:Оптический журнал=Journal of Optical Technology: научно-технический журнал. № 6.— , 1992-.— 0030-4042
Sprog:russisk
Udgivet: 1995
Format: MixedMaterials Bog
KOHA link:https://koha.lib.tpu.ru/cgi-bin/koha/opac-detail.pl?biblionumber=508840

MARC

LEADER 00000nam2a2200000 4500
001 508840
005 20231101103741.0
035 |a (RuTPU)RU\TPU\prd\180768 
035 |a RU\TPU\prd\180756 
090 |a 508840 
100 |a 20130607a19959999k y0rusy50 ca 
101 0 |a rus 
102 |a RU 
200 0 |a № 6 
210 |d 1995 
461 1 |0 (RuTPU)RU\TPU\prd\1663  |x 0030-4042  |t Оптический журнал  |l Journal of Optical Technology  |o научно-технический журнал  |v № 6  |d 1992- 
801 0 |a RU  |b 63413507  |c 20010227  |g PSBO 
801 1 |a RU  |b 63413507  |c 20130307 
801 2 |a RU  |b 63413507  |c 20130607  |g RCR 
942 |c BK 
999 |a НТБ_ТПУ  |b НФ  |e -4/20130109  |p П-6493  |u 0,00  |v 1